Mānkuṭṭiyuṃ. (Record no. 57944)

MARC details
000 -LEADER
fixed length control field 00603cam a22002291 4500
001 - CONTROL NUMBER
control field sa 64003455
003 - CONTROL NUMBER IDENTIFIER
control field DLC
005 - DATE AND TIME OF LATEST TRANSACTION
control field 20260227112017.0
008 - FIXED-LENGTH DATA ELEMENTS--GENERAL INFORMATION
fixed length control field 890418s1962 ii 000 0 malo
010 ## - LIBRARY OF CONGRESS CONTROL NUMBER
LC control number sa 64003455
035 ## - SYSTEM CONTROL NUMBER
System control number (OCoLC)19566261
040 ## - CATALOGING SOURCE
Original cataloging agency DLC
Transcribing agency WaU
Modifying agency DLC
042 ## - AUTHENTICATION CODE
Authentication code premarc
050 00 - LIBRARY OF CONGRESS CALL NUMBER
Classification number PL4718.9.S25
Item number M3
100 1# - MAIN ENTRY--PERSONAL NAME
Personal name Sabastian, C. K.
245 10 - TITLE STATEMENT
Title Mānkuṭṭiyuṃ.
260 ## - PUBLICATION, DISTRIBUTION, ETC.
Date of publication, distribution, etc. [1962]
300 ## - PHYSICAL DESCRIPTION
Extent 286 p.
Dimensions 19 cm.
500 ## - GENERAL NOTE
General note In Malayalam.
500 ## - GENERAL NOTE
General note Based on Louis Charles Royer's La vierge folle.
600 10 - SUBJECT ADDED ENTRY--PERSONAL NAME
Personal name Royer, Louis Charles,
Dates associated with a name 1885-
Title of a work Vierge folle.

No items available.

Powered by Koha